[Event "SR 5. liga SE-SI 2012/2013"]
[Site "?"]
[Date "2012.11.17"]
[Round "5.3"]
[White "Jarabek, Milan"]
[Black "Pipiska, Adam"]
[Result "1-0"]
[WhiteElo "1663"]
[BlackElo "1674"]
[PlyCount "95"]
[EventDate "2012.??.??"]

1. e4 e5 2. Nf3 Nc6 3. Bb5 a6 4. Ba4 Be7 5. O-O b5 6. Bb3 Nf6 7. Re1 O-O 8. c3
Bb7 9. d4 exd4 10. cxd4 Bb4 11. Nc3 Re8 12. e5 Ng4 13. h3 Nh6 14. Bxh6 gxh6 15.
Qd3 Ne7 16. Bc2 Ng6 17. h4 Bxf3 18. Qxf3 Qxh4 19. Re4 Qg5 20. Rg4 Qd2 21. Bb3
Rf8 22. Bxf7+ Rxf7 23. Qxa8+ Kg7 24. Ne4 Qxb2 25. Rf1 Qxa2 26. Nf6 Rf8 27. Qd5
Qxd5 28. Nxd5 Ba5 29. Ra1 c6 30. Rxa5 cxd5 31. Rxa6 Rb8 32. Rg3 Rb7 33. Rb3 Nf4
34. Ra2 Ne6 35. Rd2 Kg6 36. g3 Kf5 37. Kg2 Ke4 38. f3+ Kf5 39. Kf2 h5 40. Ke3
h6 41. Rdb2 Nc7 42. Rh2 Kg5 43. Rb1 Ne6 44. f4+ Kg6 45. Rf1 Ng7 46. Rb2 Nf5+
47. Kf2 b4 48. Rfb1 1-0

[Event "SR 5. liga SE-SI 2012/2013"]
[Site "?"]
[Date "2012.11.17"]
[Round "5.3"]
[White "Ocko, Martin"]
[Black "Harasta, Marian"]
[Result "1-0"]
[WhiteElo "1661"]
[BlackElo "1624"]
[PlyCount "119"]
[EventDate "2012.??.??"]

1. d4 d5 2. c4 c6 3. Nc3 e6 4. Nf3 Nf6 5. Bg5 Nbd7 6. Qc2 g6 7. e4 Be7 8. e5
Nh5 9. Be3 Ng7 10. cxd5 cxd5 11. Bd3 Nb6 12. O-O Nf5 13. Bxf5 exf5 14. Nb5 O-O
15. Bh6 Bd7 16. Bxf8 Bxf8 17. Nc3 Rc8 18. Qb3 Bh6 19. Nxd5 Be6 20. Nf6+ Qxf6
21. exf6 Bxb3 22. axb3 a6 23. Rfe1 Nd5 24. Re5 Nxf6 25. Re7 Rc2 26. Rxb7 Rxb2
27. Rb6 Ne4 28. Rf1 a5 29. d5 Bf4 30. g3 Bc7 31. Rb7 Bd6 32. h4 Bc5 33. Kg2 a4
34. Ne5 Nxf2 35. Kf3 Ne4 36. Nc4 Rxb3+ 37. Rxb3 axb3 38. Rb1 Bd6 39. g4 Bg3 40.
gxf5 gxf5 41. Rg1 Kf8 42. Rxg3 Nxg3 43. Kxg3 Ke7 44. Kf4 Kf6 45. Nb2 Ke7 46.
Kxf5 Kd6 47. Ke4 f5+ 48. Kxf5 Kxd5 49. Kg5 Ke6 50. Kh6 Kf6 51. Kxh7 Kf7 52. h5
Kf6 53. Kh6 Kf7 54. Nd3 Kf6 55. Nb2 Kf7 56. Kg5 Kg7 57. h6+ Kh7 58. Nd3 Kh8 59.
Kg6 Kg8 60. Ne5 1-0

[Event "SR 5. liga SE-SI 2012/2013"]
[Site "?"]
[Date "2012.11.17"]
[Round "5.3"]
[White "Drabek, Martin"]
[Black "Trojkova, Michaela"]
[Result "1-0"]
[WhiteElo "1516"]
[BlackElo "1199"]
[PlyCount "105"]
[EventDate "2012.??.??"]

1. e4 e5 2. Nf3 Nc6 3. Bc4 Bc5 4. d3 h6 5. Nc3 Nf6 6. a3 d6 7. h3 Be6 8. Nd5
O-O 9. O-O Bxd5 10. Bxd5 Nxd5 11. exd5 Nd4 12. c3 Nb5 13. a4 Nxc3 14. bxc3 a5
15. Be3 Bxe3 16. fxe3 Qf6 17. Nh2 Qg5 18. e4 Qe3+ 19. Kh1 Qc5 20. Qd2 b5 21.
axb5 Qxb5 22. c4 Qb4 23. Qxb4 axb4 24. Ng4 b3 25. Rab1 Rfb8 26. Rb2 Ra2 27.
Rfb1 Ra3 28. Nh2 f6 29. Nf3 Kh7 30. Nd2 Ra2 31. Nxb3 Rxb2 32. Rxb2 Kg6 33. Rb1
Kg5 34. Nd2 Rxb1+ 35. Nxb1 Kf4 36. Nc3 Ke3 37. Nb5 Kxd3 38. Nxc7 Kxc4 39. Ne8
Kd4 40. Nxd6 g5 41. Nf7 Kxe4 42. d6 Kf4 43. d7 e4 44. d8=Q Ke3 45. Qxf6 Ke2 46.
Nxh6 e3 47. Qf3+ Kd2 48. Nf5 e2 49. Qd5+ Kc2 50. Qc4+ Kd2 51. Qb4+ Kd1 52. Ne3+
Kc1 53. Qe1+ 1-0

[Event "SR 5. liga SE-SI 2012/2013"]
[Site "?"]
[Date "2012.11.17"]
[Round "5.3"]
[White "Buran, Andrej ml"]
[Black "Spanik, Ondrej"]
[Result "1-0"]
[WhiteElo "1152"]
[BlackElo "1278"]
[PlyCount "65"]
[EventDate "2012.??.??"]

1. e4 e5 2. Nf3 Nc6 3. Bc4 Bc5 4. d3 h6 5. Be3 Qe7 6. Nc3 Bb4 7. Bd2 Bxc3 8.
Bxc3 d6 9. Qd2 Nf6 10. O-O Nh5 11. Rfe1 Qf6 12. Rad1 Be6 13. Bxe6 fxe6 14. Qe3
O-O 15. d4 exd4 16. Bxd4 Nxd4 17. Nxd4 e5 18. Nf5 Rad8 19. Qxa7 Rb8 20. Re3 Qf7
21. Rh3 Qg6 22. Ne7+ Kf7 23. Nxg6 Kxg6 24. Qe3 Nf4 25. Rf3 Kh7 26. g3 g5 27.
gxf4 gxf4 28. Qe2 Rg8+ 29. Kh1 Rg7 30. Rg1 Rf7 31. Rh3 Rf6 32. Qg4 Rbf8 33.
Qg7# 1-0

[Event "SR 5. liga SE-SI 2012/2013"]
[Site "?"]
[Date "2012.11.17"]
[Round "5.3"]
[White "Spacek, Jan"]
[Black "Kaufman, Robert"]
[Result "0-1"]
[WhiteElo "1000"]
[BlackElo "1041"]
[PlyCount "116"]
[EventDate "2012.??.??"]

1. e4 e5 2. Nf3 Nc6 3. Bc4 Nf6 4. d3 Bc5 5. Ng5 O-O 6. Nc3 d6 7. O-O Bg4 8. Ne2
Nd4 9. Re1 c6 10. c3 Nxe2+ 11. Rxe2 Bxe2 12. Qxe2 d5 13. exd5 cxd5 14. Bb3 Re8
15. Bd2 Qd7 16. Rd1 Ng4 17. Be1 Rad8 18. c4 Bd4 19. cxd5 Rc8 20. d6 a5 21. Qf3
Rf8 22. Qe4 Nf6 23. Qh4 Qxd6 24. Ne4 Nxe4 25. dxe4 Rfd8 26. Bc3 Bxf2+ 27. Qxf2
Qg6 28. Bxe5 Rxd1+ 29. Bxd1 Qxe4 30. Bd6 Rd8 31. Qg3 Qd4+ 32. Qf2 Qxd1+ 33. Qf1
Rxd6 34. a3 Qxf1+ 35. Kxf1 b5 36. Ke2 a4 37. Ke3 f6 38. Ke2 Kf7 39. Ke3 g6 40.
g3 h5 41. h3 g5 42. Ke4 Kg6 43. Ke3 f5 44. Ke2 f4 45. gxf4 gxf4 46. Kf3 Kg5 47.
Kg2 Rd3 48. h4+ Kxh4 49. Kf2 f3 50. Ke1 Kg3 51. b3 axb3 52. a4 bxa4 53. Kf1 Rd2
54. Ke1 Rh2 55. Kd1 Rc2 56. Ke1 a3 57. Kd1 a2 58. Ke1 a1=R# 0-1

[Event "SR 5. liga SE-SI 2012/2013"]
[Site "?"]
[Date "2012.11.24"]
[Round "6.1"]
[White "Wallner, Juraj"]
[Black "Jarabek, Milan"]
[Result "0-1"]
[WhiteElo "1495"]
[BlackElo "1663"]
[PlyCount "56"]
[EventDate "2012.??.??"]

1. e4 c5 2. Nf3 d6 3. Bc4 e6 4. Nc3 Nf6 5. d3 Be7 6. Be3 O-O 7. d4 cxd4 8. Nxd4
Qc7 9. Qe2 a6 10. a4 Nc6 11. Nxc6 bxc6 12. O-O d5 13. exd5 cxd5 14. Ba2 Rd8 15.
Bd4 Bd6 16. Bxf6 gxf6 17. Qg4+ Kh8 18. f4 Rg8 19. Qh4 Rg6 20. Rf3 d4 21. Rh3 h6
22. f5 exf5 23. Nd5 Qxc2 24. g3 f4 25. Nxf4 Bxf4 26. Qxf4 Bxh3 27. Qf3 Rf8 28.
Qb7 Kg7 0-1

[Event "SR 5. liga SE-SI 2012/2013"]
[Site "?"]
[Date "2012.11.24"]
[Round "6.1"]
[White "Drabek, Martin"]
[Black "Tomasovic, Roman"]
[Result "0-1"]
[WhiteElo "1516"]
[BlackElo "1277"]
[PlyCount "130"]
[EventDate "2012.??.??"]

1. e4 e5 2. Nf3 Nc6 3. Bc4 Bc5 4. d3 Nf6 5. Nc3 h6 6. O-O d6 7. h3 Na5 8. Bb3
Nxb3 9. axb3 Be6 10. Be3 Bxe3 11. fxe3 c5 12. Nb5 a6 13. Na3 O-O 14. Nc4 a5 15.
Qe1 b6 16. Qg3 Rb8 17. Nh4 Nh5 18. Qf2 g6 19. g4 Ng7 20. Qf6 Bxc4 21. dxc4 Ne8
22. Qxd8 Rxd8 23. Rf2 Rd7 24. Raf1 Kg7 25. Nf3 f6 26. Ne1 Rff7 27. Nd3 Ra7 28.
Ra1 Nc7 29. Rd2 Rd7 30. h4 Ne6 31. Rad1 Rd8 32. Rg2 Rf7 33. c3 Ra7 34. Rgd2 Nc7
35. b4 axb4 36. cxb4 Ne8 37. bxc5 bxc5 38. Nxc5 Kf7 39. b3 Rb8 40. Nd3 Rxb3 41.
Kf2 Rc3 42. Nb2 Ra2 43. Rb1 Rb3 44. Ke2 Ke6 45. Rc2 Nc7 46. Kd2 Na6 47. Kc1
Rxe3 48. Nd1 Rxc2+ 49. Kxc2 Rxe4 50. Kd3 Nc5+ 51. Kd2 Rxg4 52. Ne3 Rxh4 53. Rb8
Kd7 54. Rg8 g5 55. Rg7+ Ke8 56. Rg8+ Kf7 57. Rc8 Kg6 58. Rc6 Kh5 59. Kc3 Rh3
60. Kd2 g4 61. Nf5 g3 62. Rc8 g2 63. Rg8 Ne4+ 64. Ke2 Ng5 65. Kf2 Rf3+ 0-1

[Event "SR 5. liga SE-SI 2012/2013"]
[Site "?"]
[Date "2012.11.24"]
[Round "6.1"]
[White "Tomasovic, Pavol"]
[Black "Zlamal, Marek"]
[Result "0-1"]
[WhiteElo "1304"]
[BlackElo "1551"]
[PlyCount "92"]
[EventDate "2012.??.??"]

1. e4 c5 2. Nf3 Nc6 3. d4 cxd4 4. Nxd4 a6 5. Be2 e5 6. Nf5 d6 7. O-O Bxf5 8.
exf5 Nf6 9. Nc3 Qd7 10. Bd3 d5 11. f3 Bc5+ 12. Kh1 h6 13. Qe2 O-O 14. a3 Rfe8
15. b4 Ba7 16. Nd1 Nd4 17. Qf2 Nb3 18. Qg3 Nxc1 19. Rxc1 Qa4 20. Nc3 Qxa3 21.
Nxd5 Nxd5 22. Bc4 Ne3 23. f6 g5 24. Bd3 Qxb4 25. Rfe1 Qd6 26. Be4 Rab8 27. h4
Qxf6 28. hxg5 Qxg5 29. Qxg5+ hxg5 30. c4 Bc5 31. Bd5 Kg7 32. Kh2 Rh8+ 33. Kg3
f5 34. Kf2 Nxd5+ 35. Ke2 Nf4+ 36. Kd2 Nxg2 37. Rxe5 Rbd8+ 38. Rd5 Be3+ 39. Kd3
Bxc1 40. Kc2 Ne3+ 41. Kxc1 Nxd5 42. cxd5 Rh2 43. f4 Rxd5 44. fxg5 Ra5 45. Kb1
Re5 46. Kc1 Re1# 0-1

[Event "SR 5. liga SE-SI 2012/2013"]
[Site "?"]
[Date "2012.11.24"]
[Round "6.1"]
[White "Bakos, Adrian"]
[Black "Cerna, Lucia"]
[Result "1-0"]
[WhiteElo "1281"]
[BlackElo "1122"]
[PlyCount "71"]
[EventDate "2012.??.??"]

1. e4 e5 2. Nf3 Nf6 3. Nc3 Nc6 4. d4 d6 5. Be3 Bg4 6. Be2 d5 7. Nxe5 Bxe2 8.
Nxe2 Nxe5 9. dxe5 Nxe4 10. O-O Bc5 11. Bxc5 Nxc5 12. Nf4 c6 13. Qd4 Ne4 14.
Rae1 O-O 15. f3 Ng5 16. Re2 Ne6 17. Nxe6 fxe6 18. Qg4 Qe7 19. a3 Rad8 20. Rd1
c5 21. c3 c4 22. Rd4 Rf5 23. Qh4 Rg5 24. Rg4 h6 25. f4 Qc5+ 26. Kf1 Rxg4 27.
Qxg4 Qc6 28. Qg6 Rf8 29. Rf2 Qb6 30. Rf3 Rf7 31. Rf2 Re7 32. f5 exf5 33. Qxb6
axb6 34. e6 g6 35. Re2 Kg7 36. Re5 1-0

[Event "SR 5. liga SE-SI 2012/2013"]
[Site "?"]
[Date "2012.11.24"]
[Round "6.1"]
[White "Celustka, Lukas"]
[Black "Spacek, Jan"]
[Result "0-1"]
[WhiteElo "1222"]
[BlackElo "1000"]
[PlyCount "34"]
[EventDate "2012.??.??"]

1. e4 e5 2. Nf3 Nc6 3. d4 d5 4. Bc4 Bc5 5. O-O Nf6 6. dxc5 dxc4 7. Qxd8+ Nxd8
8. Bg5 Bg4 9. Nbd2 h6 10. Bxf6 gxf6 11. Nxe5 fxe5 12. Nf3 Bxf3 13. gxf3 Rg8+
14. Kh1 Ne6 15. Rad1 Rd8 16. Rfe1 Rxd1 17. c3 Rxe1# 0-1

[Event "SR 5. liga SE-SI 2012/2013"]
[Site "?"]
[Date "2012.11.24"]
[Round "6.2"]
[White "Holiencin, Filip"]
[Black "Sukopcak, Miroslav"]
[Result "1-0"]
[WhiteElo "1680"]
[BlackElo "1712"]
[PlyCount "73"]
[EventDate "2012.??.??"]

1. e4 c5 2. Nf3 d6 3. d4 cxd4 4. Nxd4 a6 5. Nc3 e5 6. Nb3 Be6 7. Be3 Be7 8. Nd5
Bxd5 9. Qxd5 Qc7 10. Bc4 Bf6 11. O-O-O Nc6 12. Qxd6 Qxd6 13. Rxd6 Be7 14. Rd2
Nf6 15. f3 O-O 16. g4 b5 17. Be2 Rfd8 18. Rhd1 h6 19. Rxd8+ Nxd8 20. h4 Nh7 21.
Bf2 Ne6 22. Rd7 Bf6 23. c3 Nhf8 24. Rd1 Nf4 25. Bf1 N4g6 26. h5 Nf4 27. Nc5 Bg5
28. Kb1 N4e6 29. Rd5 Bf4 30. Rd6 Nxc5 31. Bxc5 Ne6 32. Bb6 Ng5 33. Be2 Ne6 34.
Kc2 Bg5 35. Rd7 Kf8 36. Ra7 Rxa7 37. Bxa7 1-0

[Event "SR 5. liga SE-SI 2012/2013"]
[Site "?"]
[Date "2012.11.24"]
[Round "6.2"]
[White "Vasek, Rudolf"]
[Black "Benak, Peter"]
[Result "0-1"]
[WhiteElo "1453"]
[BlackElo "1594"]
[PlyCount "52"]
[EventDate "2012.??.??"]

1. e4 Nf6 2. d3 e6 3. g3 Nc6 4. c3 d5 5. Bg2 dxe4 6. dxe4 Qxd1+ 7. Kxd1 Bc5 8.
f4 Ng4 9. Nh3 e5 10. f5 g6 11. fxg6 fxg6 12. Ke2 O-O 13. Bf3 Be6 14. b3 Kg7 15.
Na3 a6 16. Nc2 h6 17. Ne3 Nxe3 18. Nf2 Nc2 19. Nd3 Bb6 20. Bb2 Nxa1 21. Rxa1
Rad8 22. Rf1 Bh3 23. Rd1 h5 24. Rc1 Rxd3 25. Kxd3 Rxf3+ 26. Kc4 Be6# 0-1

[Event "SR 5. liga SE-SI 2012/2013"]
[Site "?"]
[Date "2012.11.24"]
[Round "6.2"]
[White "Sladek, Michal"]
[Black "Rehak, Miroslav"]
[Result "1/2-1/2"]
[WhiteElo "1000"]
[BlackElo "1446"]
[PlyCount "82"]
[EventDate "2012.??.??"]

1. e4 d6 2. Bc4 e6 3. d4 d5 4. exd5 exd5 5. Bb3 Be6 6. Qf3 Qf6 7. Be3 Qxf3 8.
Nxf3 Bd6 9. O-O Nf6 10. Nc3 c6 11. Bg5 Nbd7 12. Rfe1 O-O 13. Ne5 h6 14. Bh4 Bb4
15. a3 Ba5 16. Ba2 Ne4 17. Re3 Nxc3 18. bxc3 Rac8 19. Be7 Rfe8 20. Bb4 Bc7 21.
Nxd7 Bxd7 22. Rxe8+ Rxe8 23. c4 Be6 24. cxd5 cxd5 25. Re1 Rd8 26. h3 a5 27. Bd2
b5 28. Bb1 Ra8 29. c3 Bd6 30. Bc1 b4 31. axb4 axb4 32. Bd2 b3 33. g4 Kf8 34.
Bc1 Ba3 35. Bxa3+ Rxa3 36. Re2 Bd7 37. Rb2 Bb5 38. f3 Bc4 39. Kf2 Ra7 40. Ke3
g5 41. Bd3 Re7+ 1/2-1/2

[Event "SR 5. liga SE-SI 2012/2013"]
[Site "?"]
[Date "2012.11.24"]
[Round "6.2"]
[White "Drozd, Jan"]
[Black "Cambal, Peter"]
[Result "1-0"]
[WhiteElo "1000"]
[BlackElo "1000"]
[PlyCount "53"]
[EventDate "2012.??.??"]

1. e4 c5 2. Nf3 d6 3. d4 cxd4 4. Nxd4 Nf6 5. Nc3 g6 6. Be3 Bg7 7. f3 Bd7 8. Bc4
Nc6 9. Qd2 Rc8 10. Bb3 Nxd4 11. Bxd4 Qa5 12. h4 h5 13. Qd3 b5 14. O-O-O b4 15.
Nd5 Bb5 16. Nxf6+ Bxf6 17. Qe3 Bxd4 18. Qxd4 O-O 19. Rdg1 Ba4 20. Kb1 Bxb3 21.
cxb3 Rc6 22. Qd5 Rfc8 23. Qxa5 R8c7 24. Rc1 Rxc1+ 25. Rxc1 Rb7 26. Qa6 Rb6 27.
Qxa7 1-0

[Event "SR 5. liga SE-SI 2012/2013"]
[Site "?"]
[Date "2012.11.24"]
[Round "6.2"]
[White "Grunner, Slavomir"]
[Black "Lauko, Tomas"]
[Result "0-1"]
[WhiteElo "1000"]
[BlackElo "1000"]
[PlyCount "58"]
[EventDate "2012.??.??"]

1. e4 d5 2. f3 d4 3. c3 e5 4. Qa4+ Nc6 5. Bb5 Bd7 6. d3 a6 7. Bc4 b5 8. Bxf7+
Kxf7 9. Qb3+ Be6 10. c4 bxc4 11. dxc4 Nf6 12. Ne2 Na5 13. Qd3 Bxc4 14. Qd2 Rb8
15. b3 Bb4 16. Nbc3 dxc3 17. Nxc3 Qd4 18. Qxd4 exd4 19. Bg5 Bxc3+ 20. Bd2 Bxa1
21. Bxa5 Bb5 22. Bxc7 Rbc8 23. Bb6 Rc1+ 24. Kd2 Rxh1 25. e5 Rxh2 26. exf6 Rxg2+
27. Ke1 Rxa2 28. fxg7 Kxg7 29. f4 Re8+ 0-1

[Event "SR 5. liga SE-SI 2012/2013"]
[Site "?"]
[Date "2012.11.24"]
[Round "6.3"]
[White "Baumgartner, Milan"]
[Black "Huska, Branislav"]
[Result "0-1"]
[WhiteElo "1558"]
[BlackElo "1574"]
[PlyCount "60"]
[EventDate "2012.??.??"]

1. c4 e5 2. Nc3 Bb4 3. a3 Bxc3 4. bxc3 d6 5. d4 Nc6 6. e4 h6 7. Be3 Nf6 8. Bd3
Ng4 9. Qd2 Nxe3 10. Qxe3 O-O 11. Ne2 f5 12. exf5 Bxf5 13. Bxf5 Rxf5 14. O-O Qd7
15. Ng3 Rf7 16. Ne4 Raf8 17. h3 Qf5 18. Nd2 Ne7 19. Nf3 Ng6 20. Rae1 Nf4 21.
Kh2 Nxg2 22. Kxg2 Qxf3+ 23. Qxf3 Rxf3 24. Re3 Rxe3 25. fxe3 Rxf1 26. Kxf1 Kf7
27. Kf2 Kf6 28. Kf3 Kg5 29. e4 Kh4 30. Kg2 g5 0-1

[Event "SR 5. liga SE-SI 2012/2013"]
[Site "?"]
[Date "2012.11.24"]
[Round "6.3"]
[White "Kanka, Tomas"]
[Black "Bartos, Bohumil"]
[Result "1/2-1/2"]
[WhiteElo "1435"]
[BlackElo "1533"]
[PlyCount "37"]
[EventDate "2012.??.??"]

1. e4 c5 2. c4 d6 3. Nf3 Nc6 4. d4 cxd4 5. Nxd4 Qa5+ 6. Nc3 g6 7. Nb3 Qd8 8.
Be2 Bg7 9. Bd2 Nf6 10. O-O b6 11. Bf3 Ne5 12. Be2 Bb7 13. f4 Ned7 14. Bf3 Rb8
15. Qe2 e5 16. Rad1 O-O 17. Bc1 Qe7 18. Nb5 Ne8 19. Nxa7 1/2-1/2

[Event "SR 5. liga SE-SI 2012/2013"]
[Site "?"]
[Date "2012.11.24"]
[Round "6.3"]
[White "Danihel, Jozef"]
[Black "Hurban, Tomas"]
[Result "1-0"]
[WhiteElo "1566"]
[BlackElo "1352"]
[PlyCount "63"]
[EventDate "2012.??.??"]

1. d4 d5 2. c4 Nf6 3. Nc3 e6 4. a3 c5 5. Nf3 Qa5 6. e3 Ne4 7. Bd3 Nxc3 8. Bd2
cxd4 9. bxc3 dxc3 10. Bc1 Bb4 11. Qc2 g6 12. O-O Nc6 13. Nd4 Nxd4 14. exd4 dxc4
15. Bxc4 Bd7 16. Bh6 Rc8 17. axb4 Qxb4 18. Bd3 Qb2 19. Rxa7 Qxc2 20. Bxc2 b5
21. Bg7 Rg8 22. Bf6 g5 23. Bxh7 c2 24. Rc1 Rf8 25. Rxc2 Bc6 26. Re7+ Kd8 27.
Rxf7+ Ke8 28. Re7+ Kd8 29. Bxg5 Rh8 30. Rxe6+ Kd7 31. Bf5 Bd5 32. Rec6+ 1-0

[Event "SR 5. liga SE-SI 2012/2013"]
[Site "?"]
[Date "2012.11.24"]
[Round "6.3"]
[White "Kridl, Oliver"]
[Black "Geher, Stanislav"]
[Result "1-0"]
[WhiteElo "1000"]
[BlackElo "1493"]
[PlyCount "113"]
[EventDate "2012.??.??"]

1. e4 e6 2. d4 d5 3. e5 c5 4. Nf3 Nc6 5. Nc3 Qb6 6. Bb5 Bd7 7. Bxc6 Bxc6 8. b3
cxd4 9. Nxd4 Bc5 10. Nce2 Ne7 11. O-O Ng6 12. f4 Bb5 13. c3 Ne7 14. Kh1 Bxe2
15. Nxe2 Nf5 16. Qd3 O-O 17. b4 Be3 18. g4 Bxc1 19. gxf5 Qe3 20. Nxc1 Qe4+ 21.
Qxe4 dxe4 22. f6 Rac8 23. Rg1 g6 24. Ne2 Rfd8 25. Rad1 Rd3 26. Ng3 Rcxc3 27.
Nxe4 Ra3 28. Nc5 Rd5 29. Rxd5 exd5 30. Rg2 b6 31. Nb3 h5 32. Rd2 a5 33. bxa5
bxa5 34. Rxd5 Rxa2 35. Rxa5 Rb2 36. Nc5 Rb1+ 37. Kg2 Rb2+ 38. Kg3 h4+ 39. Kxh4
Rxh2+ 40. Kg3 Rd2 41. e6 fxe6 42. Nxe6 Rd3+ 43. Kg4 Kf7 44. Nc5 Rd1 45. Kf3
Rf1+ 46. Ke3 Re1+ 47. Kd4 Rd1+ 48. Ke5 Rd2 49. Ra7+ Kf8 50. Rh7 Re2+ 51. Ne4
Ra2 52. Rg7 Ra5+ 53. Ke6 Ra2 54. Rxg6 Ra8 55. Rh6 Re8+ 56. Kf5 Kg8 57. f7+ 1-0

[Event "SR 5. liga SE-SI 2012/2013"]
[Site "?"]
[Date "2012.11.24"]
[Round "6.3"]
[White "Davidik, Miroslav"]
[Black "Rajec, Matus"]
[Result "1-0"]
[WhiteElo "1452"]
[BlackElo "1000"]
[PlyCount "53"]
[EventDate "2012.??.??"]

1. e4 e5 2. f4 exf4 3. Nf3 Nf6 4. e5 Nd5 5. c4 Ne7 6. d4 d6 7. Bxf4 Nf5 8. Nc3
Be7 9. Be2 dxe5 10. Bxe5 Bf6 11. Bxf6 Qxf6 12. O-O O-O 13. Qd2 Rd8 14. Nd5 Qd6
15. Bd3 c6 16. Bxf5 Bxf5 17. Nc3 Bg4 18. Rad1 Bxf3 19. Rxf3 c5 20. Nb5 Qd7 21.
Qf4 a6 22. Nc7 Ra7 23. Nd5 cxd4 24. Nf6+ gxf6 25. Rg3+ Kf8 26. Qxf6 Qe7 27.
Qh8# 1-0

[Event "SR 5. liga SE-SI 2012/2013"]
[Site "?"]
[Date "2012.12.08"]
[Round "7.1"]
[White "Vasek, Rudolf"]
[Black "Hrubsa, Marian"]
[Result "1/2-1/2"]
[WhiteElo "1453"]
[BlackElo "1820"]
[PlyCount "97"]
[EventDate "2012.??.??"]

1. d4 d5 2. f4 Nf6 3. Nf3 Bf5 4. e3 e6 5. c3 Be7 6. Bd3 Be4 7. O-O Nbd7 8. Ne5
g6 9. Qe2 h5 10. Bxe4 Nxe4 11. Nd2 Nd6 12. e4 c6 13. Nxd7 Qxd7 14. e5 Nf5 15.
Nf3 O-O-O 16. Bd2 h4 17. Be1 Rh5 18. Bf2 Rdh8 19. Qd2 Qd8 20. g4 hxg3 21. Bxg3
g5 22. fxg5 Bxg5 23. Nxg5 Rxg5 24. Rf3 Qg8 25. Qf2 Rh3 26. Re1 Nxg3 27. hxg3
Rhxg3+ 28. Rxg3 Rxg3+ 29. Kf1 Qg4 30. Re3 Qd1+ 31. Qe1 Qxe1+ 32. Rxe1 Rf3+ 33.
Ke2 Rf5 34. Rf1 Rxf1 35. Kxf1 a5 36. Kf2 Kd7 37. Kf3 Ke7 38. Kf4 f5 39. Kg5 b6
40. b3 c5 41. a3 cxd4 42. cxd4 b5 43. Kf4 Kf7 44. Kg5 Kg7 45. Kh5 Kf7 46. Kg5
Ke7 47. b4 axb4 48. axb4 Kf7 49. Kh5 1/2-1/2

[Event "SR 5. liga SE-SI 2012/2013"]
[Site "?"]
[Date "2012.12.08"]
[Round "7.1"]
[White "Pagac, Robert"]
[Black "Rehak, Miroslav"]
[Result "1-0"]
[WhiteElo "1827"]
[BlackElo "1446"]
[PlyCount "97"]
[EventDate "2012.??.??"]

1. e4 d6 2. d4 e6 3. Nf3 Nd7 4. Nc3 c6 5. Be2 Be7 6. O-O e5 7. d5 c5 8. Be3
Ngf6 9. Nd2 O-O 10. f4 a6 11. f5 b5 12. Bg4 Nb6 13. b3 b4 14. Ne2 Nxg4 15. Bf2
Nxf2 16. Rxf2 Bd7 17. Rf3 g5 18. Rh3 f6 19. Ng3 Be8 20. Qg4 Bf7 21. Ndf1 Qe8
22. Ne3 h5 23. Nxh5 Bxh5 24. Rxh5 Kg7 25. h4 Rh8 26. Rxh8 Qxh8 27. hxg5 fxg5
28. f6+ Bxf6 29. Nf5+ Kg6 30. Nxd6 Qd8 31. Qf5+ Kg7 32. Qe6 Qd7 33. Nf5+ Kg6
34. Qxb6 Rh8 35. Rf1 Rf8 36. d6 Qb5 37. Ne7+ Kh5 38. Qxb5 axb5 39. d7 Rd8 40.
Rxf6 Rxd7 41. Nd5 c4 42. Kf2 Kg4 43. Ke2 cxb3 44. axb3 Kg3 45. Ne3 g4 46. Rg6
Kh4 47. Rxg4+ Kh5 48. Rg8 Rd4 49. Kf3 1-0

[Event "SR 5. liga SE-SI 2012/2013"]
[Site "?"]
[Date "2012.12.08"]
[Round "7.1"]
[White "Drozd, Jan"]
[Black "Baumgartner, Milan"]
[Result "1/2-1/2"]
[WhiteElo "1000"]
[BlackElo "1558"]
[PlyCount "138"]
[EventDate "2012.??.??"]

1. e4 e5 2. Nf3 Nc6 3. Bb5 a6 4. Ba4 Nf6 5. O-O Bc5 6. Re1 O-O 7. c3 b5 8. Bb3
d6 9. h3 Bb7 10. d4 exd4 11. cxd4 Bb4 12. Nc3 h6 13. a3 Ba5 14. Bc2 Re8 15. b4
Bb6 16. Qd3 Ne7 17. e5 dxe5 18. dxe5 Qxd3 19. Bxd3 Bxf3 20. exf6 Nd5 21. Rxe8+
Rxe8 22. Nxd5 Bxd5 23. Bb2 g6 24. Rd1 Bb7 25. Kf1 h5 26. g4 hxg4 27. hxg4 Bf3
28. Re1 Rxe1+ 29. Kxe1 Bxg4 30. Be4 Kf8 31. f3 Be6 32. Kd2 Ke8 33. Bc6+ Bd7 34.
Be4 a5 35. Kd3 axb4 36. axb4 c5 37. bxc5 Bxc5 38. Kc2 Be6 39. Bc6+ Bd7 40. Be4
Kd8 41. Bd5 Be6 42. Bc6 b4 43. Be4 Kc7 44. Kd3 Kb6 45. Kc2 Kb5 46. Bd3+ Bc4 47.
Be4 b3+ 48. Kb1 Kb4 49. Kc1 Be2 50. Kd2 Bb5 51. Bd5 Be8 52. Be4 Ka4 53. Bd5 Ba3
54. Kc1 Bxb2+ 55. Kxb2 Kb4 56. Bxb3 Kc5 57. Kc3 Kd6 58. Kd4 g5 59. Bc4 Bc6 60.
Be2 Ke6 61. Ke3 Kxf6 62. Kf2 Ke5 63. Kg3 f5 64. Bf1 Kd4 65. Kf2 f4 66. Bh3 Bd5
67. Bg4 Ke5 68. Bh3 Be6 69. Bg2 Kd4 1/2-1/2

[Event "SR 5. liga SE-SI 2012/2013"]
[Site "?"]
[Date "2012.12.08"]
[Round "7.1"]
[White "Danihel, Jozef"]
[Black "Lauko, Tomas"]
[Result "1-0"]
[WhiteElo "1566"]
[BlackElo "1000"]
[PlyCount "85"]
[EventDate "2012.??.??"]

1. d4 e6 2. c4 c5 3. Nf3 Nf6 4. e3 d5 5. Bd3 Nc6 6. O-O Bd6 7. Nc3 Qb6 8. Na4
Qc7 9. dxc5 Be7 10. a3 O-O 11. b4 b6 12. b5 Na5 13. c6 dxc4 14. Bb1 a6 15. Qc2
axb5 16. Nc3 Qxc6 17. Nd4 Qd6 18. Ncxb5 Qe5 19. f4 Qh5 20. Rf3 Qh4 21. Qe2 g6
22. Rh3 Qg4 23. Nf3 Nb3 24. Bb2 Nxa1 25. Rh4 Qxh4 26. Nxh4 Nb3 27. Nf3 Ba6 28.
Qxc4 Nc5 29. a4 Rfd8 30. Nfd4 Ng4 31. Qe2 h5 32. h3 Nf6 33. Nc6 Nxa4 34. Nxe7+
Kg7 35. Be5 Rd7 36. Nc6 Rd5 37. Bd3 Rc8 38. Nb4 Bxb5 39. Nxd5 Bxd3 40. Bxf6+
Kh7 41. Qxd3 exd5 42. Qxd5 Rc7 43. Qd8 1-0

[Event "SR 5. liga SE-SI 2012/2013"]
[Site "?"]
[Date "2012.12.08"]
[Round "7.1"]
[White "Daniel, Michal"]
[Black "Pekar, Pavol"]
[Result "0-1"]
[WhiteElo "1000"]
[BlackElo "1000"]
[PlyCount "76"]
[EventDate "2012.??.??"]

1. e4 e5 2. Bc4 Nf6 3. d3 h6 4. Ne2 d5 5. exd5 Nxd5 6. Bb3 Be6 7. c4 Nf6 8. a3
Bc5 9. h3 O-O 10. O-O Nc6 11. Bc2 Bf5 12. b4 Bd4 13. Nbc3 Re8 14. Be3 Qe7 15.
b5 Bxc3 16. Nxc3 Nd4 17. Bxd4 exd4 18. Re1 Qd6 19. Ne2 Re7 20. f4 Rae8 21. Qd2
Re3 22. a4 c6 23. g4 Bd7 24. Kg2 c5 25. Rab1 b6 26. Ra1 Bc8 27. Kh2 g5 28. Bd1
Bb7 29. Rf1 Bf3 30. Rf2 gxf4 31. Ng1 Bxd1 32. Rxd1 f3+ 33. Kh1 Qg3 34. Rdf1 Re2
35. Rxe2 Rxe2 36. Qxe2 fxe2 37. Nxe2 Qxh3+ 38. Kg1 Nxg4 0-1

[Event "SR 5. liga SE-SI 2012/2013"]
[Site "?"]
[Date "2012.12.08"]
[Round "7.2"]
[White "Jarabek, Milan"]
[Black "Benak, Peter"]
[Result "0-1"]
[WhiteElo "1663"]
[BlackElo "1594"]
[PlyCount "74"]
[EventDate "2012.??.??"]

1. e4 Nf6 2. e5 Nd5 3. d4 d6 4. c4 Nb6 5. exd6 exd6 6. Nf3 Bg4 7. Be2 Be7 8.
O-O O-O 9. Nc3 Nc6 10. b3 Bf6 11. Be3 Re8 12. Rc1 Ne7 13. h3 Bxf3 14. Bxf3 c6
15. Ne4 Nf5 16. Nxf6+ Qxf6 17. Qd2 Nh4 18. Bg4 Qg6 19. Bg5 h5 20. Bd1 Nf5 21.
Bc2 f6 22. Bh4 Nc8 23. Qf4 Nce7 24. Rfe1 Qh6 25. Qxh6 Nxh6 26. f3 Nef5 27. Bf2
g5 28. Rxe8+ Rxe8 29. Re1 Rxe1+ 30. Bxe1 Nxd4 31. Bd3 Kf7 32. Bf2 c5 33. Bxd4
cxd4 34. g4 h4 35. Be4 b6 36. Bd5+ Ke7 37. Kf2 Nf7 0-1

[Event "SR 5. liga SE-SI 2012/2013"]
[Site "?"]
[Date "2012.12.08"]
[Round "7.2"]
[White "Sladek, Michal"]
[Black "Budovic, Patrik"]
[Result "1-0"]
[WhiteElo "1000"]
[BlackElo "1207"]
[PlyCount "71"]
[EventDate "2012.??.??"]

1. e4 e5 2. Nf3 Nc6 3. Bc4 d6 4. d4 Bg4 5. h3 Bxf3 6. Qxf3 Nf6 7. d5 Nd4 8. Qd3
g6 9. c3 Nc6 10. dxc6 bxc6 11. Qf3 Bg7 12. O-O Rb8 13. b3 O-O 14. Bg5 Re8 15.
Bxf6 Bxf6 16. Rd1 Qe7 17. b4 Red8 18. Na3 a5 19. Nc2 a4 20. Rab1 Rb6 21. b5 c5
22. Ne3 Bg7 23. Nd5 Qd7 24. Nxb6 cxb6 25. Rd3 Qe7 26. Rbd1 Kh8 27. Qxf7 Qxf7
28. Bxf7 Rf8 29. Be6 h6 30. Rxd6 Rf4 31. f3 g5 32. Rxb6 Bf8 33. Rc6 Rf6 34. b6
Be7 35. b7 Rf8 36. Rc8 1-0